000 00351nam a22001577a 4500
005 20160624103527.0
008 160624b xxu||||| |||| 00| 0 eng d
020 _a007-065645-2
041 _aeng
082 _b9686
245 _aTine Management
260 _bHarvard Business Essention
300 _a140
650 _aManagement
_9241
942 _cBK
999 _c3768
_d3767